|
|
|
|
| LEADER |
01262nam a2200361 4500 |
| 001 |
DLU170180444 |
| 005 |
##20170810 |
| 020 |
# |
# |
|a 9786045718018
|
| 040 |
# |
# |
|a DLU
|b vie
|
| 041 |
# |
# |
|a vie
|
| 044 |
# |
# |
|a vn
|
| 082 |
# |
# |
|a 291.213
|b Tin
|
| 245 |
# |
# |
|a Tín ngưỡng thờ cúng tổ tiên ở một số quốc gia trên thế giới và Việt Nam :
|b Sách tham khảo /
|c Lương Thị Thoa chủ biên, ...[et al.]
|
| 260 |
# |
# |
|a H. :
|b Chính trị Quốc gia - Sự thật,
|c 2015.
|
| 300 |
# |
# |
|a 210tr. ;
|c 21cm.
|
| 504 |
# |
# |
|a Tài liệu tham khảo: tr.199-208.
|
| 505 |
# |
# |
|a Chương I. Nguồn gốc hình thành và các loại hình tín ngưỡng thờ cúng tổ tiên -- Chương II. Tín ngưỡng thờ cúng tổ tiên ở một số quốc gia trên thế giới và Việt Nam.
|
| 650 |
# |
# |
|a Thờ cúng tổ tiên.
|
| 700 |
# |
# |
|a Đinh Văn Nghĩa.
|
| 700 |
# |
# |
|a Lương Thị Thoa,
|c PGS.TS.
|e chủ biên.
|
| 700 |
# |
# |
|a Nguyễn Thị Kiều Trang,
|c TS.
|
| 700 |
# |
# |
|a Trần Nam Trung,
|c TS.
|
| 923 |
# |
# |
|a 05/2016
|
| 991 |
# |
# |
|a SH
|
| 992 |
# |
# |
|a 47000
|
| 994 |
# |
# |
|a DLU
|
| 900 |
# |
# |
|a True
|
| 911 |
# |
# |
|a Nguyễn Thanh Hương
|
| 925 |
# |
# |
|a G
|
| 926 |
# |
# |
|a A
|
| 927 |
# |
# |
|a SH
|
| 980 |
# |
# |
|a Thư viện Trường Đại học Đà Lạt
|